Statistics for All Warrior Cats Characters

Click here to take the quiz!

General Stats

  • This quiz has been taken 60 times
  • The average score is 334 of 1402

Answer Stats

LetterCat% Correct
Firestar
88%
Bluestar
83%
Bramble
79%
Holly
79%
Hollyleaf
79%
Jay
79%
Leaf (Lo)
79%
Leaf (TC)
79%
Stone (DotC)
79%
Stone (HJ)
79%
Stone (SH)
79%
Alder
75%
Brokenstar
75%
Cloud
75%
Cloud With Star in Belly
75%
Cloud With Storm in Belly
75%
Dark Shadow on Water
75%
Ivy
75%
Mist (Lo)
75%
Mist (RC)
75%
Mist Where Sunlight Shimmers
75%
Raven
75%
Stonefur
75%
Tigerstar (PoT)
75%
Tigerstar (TPB)
75%
Alderheart
71%
Ashfur (ShC)
71%
Ashfur (TC)
71%
Dovewing
71%
Feather
71%
Feather of Flying Hawk
71%
Ivypool
71%
Jayfeather
71%
Leafpool
71%
Mapleshade
71%
Ravenpaw
71%
Shadowstar
71%
Snow
71%
Snow Falling on Stones
71%
Tawnypelt
71%
Feathertail
67%
Fox
67%
Graystripe
67%
Hawkfrost
67%
Hawk (RH)
67%
Hawk (SH)
67%
Lionblaze
67%
Lionheart
67%
Misty
67%
Mistystar
67%
Moon
67%
Moon Shining on Water
67%
Mouse
67%
Night
67%
Night of No Stars
67%
Rain (AVoS)
67%
Rain (DotC)
67%
Rain That Passes Quickly
67%
Rain That Rattles on Stones
67%
Silver
67%
Squirrel (RH)
67%
Squirrel (SH)
67%
Star That Shines on Water
67%
Tallstar
67%
Thunderstar
67%
Tree
67%
Berrynose
63%
Brambleclaw
63%
Bumble
63%
Bumblestripe
63%
Cloudtail
63%
Crookedstar
63%
Crowfeather
63%
Darkstripe
63%
Dustpelt
63%
Flame
63%
Flametail
63%
Longtail
63%
Moss
63%
Moss that Grows by River
63%
Nightcloud
63%
Raggedstar
63%
Riverstar
63%
Storm
63%
Storm Clouds at Dusk
63%
Thistleclaw
63%
Thistle (Ro)
63%
Thistle (TC)
63%
Whitestorm
63%
Yellowfang
63%
Birch
58%
Breeze That Rustles the Leaves
58%
Cinderheart
58%
Daisy (Lo)
58%
Daisy (TC)
58%
Ferncloud
58%
Flower (KP)
58%
Flower (Lo)
58%
Flower (Ro)
58%
Frost
58%
Goldenflower
58%
Gray Sky Before Dawn
58%
Honeyfern
58%
IIce
58%
JJack
58%
Red
58%
Scourge
58%
Skystar
58%
Snowfur
58%
Stormfur
58%
Sunstar
58%
Blackstar
54%
Blossom
54%
Blossomfall
54%
Bracken
54%
Breezepelt
54%
Cinderpelt
54%
Darktail
54%
Fall of Snow on Water
54%
Graywing
54%
Heathertail
54%
Leafstar
54%
Moonflower
54%
Mosskit
54%
Moth
54%
Mousefur
54%
One Eye
54%
One-eye
54%
Pinestar
54%
Pine That Clings to Rock
54%
Redtail
54%
Sandstorm
54%
Shadowsight
54%
Silverstream
54%
Sorreltail
54%
Spottedleaf
54%
Swift
54%
Twig
54%
Whitewing
54%
Antpelt
50%
Barley
50%
Bee (ASC)
50%
Bee (DotC)
50%
Birchfall
50%
Bone
50%
Brackenfur
50%
Brightheart
50%
Claw
50%
Deadfoot
50%
Foxheart
50%
Frostfur
50%
Hal
50%
Harestar
50%
Leopardstar
50%
Millie
50%
Mothwing
50%
Mousewhisker
50%
Mud
50%
Russetfur
50%
Smudge
50%
Sparkpelt
50%
Spider (AVoS)
50%
Spider (TR)
50%
Thorn
50%
Thorn That Grows in Cleft
50%
Violet
50%
Ashfoot
46%
Briarlight
46%
Brindleface
46%
Brook Where Small Fish Swim
46%
Cinderfur
46%
Daisytoe
46%
Featherwhisker
46%
Foxleap
46%
Frecklewish (SkC)
46%
Frecklewish (TC)
46%
Fuzz
46%
Goosefeather
46%
Half Moon
46%
Icewing
46%
KKestrelflight
46%
Mosspelt
46%
Moth Flight
46%
Needletail
46%
Nightstar (RC)
46%
Nightstar (ShC)
46%
OOakfur
46%
Oakheart
46%
Onestar
46%
Owl
46%
Princess
46%
Rainwhisker
46%
Rowanstar
46%
Smoke
46%
Snowkit
46%
Spiderleg
46%
Swiftpaw
46%
TTadpole
46%
Thornclaw
46%
Violetshine
46%
Willowpelt
46%
Adderfang
42%
Ambermoon
42%
Appledusk
42%
Badgerfang
42%
Barkface
42%
Brambleberry
42%
Bristlefrost
42%
Cloudstar
42%
Dawnpelt
42%
Flywhisker
42%
Graypool
42%
Hawkheart
42%
Haze
42%
Icecloud
42%
Littlecloud
42%
Mudclaw (ShC)
42%
Mudclaw (WC)
42%
Patch (RF)
42%
Patch (TaS)
42%
Poppyfrost
42%
Reed Tail
42%
Robinwing (RC)
42%
Robinwing (SkC)
42%
Robinwing (TC)
42%
Robinwing (WC)
42%
Rose (FQ)
42%
Rose (TS)
42%
Runningnose
42%
Snaptooth
42%
Sol
42%
Soot
42%
Sootfur
42%
Sweetpaw
42%
Toad
42%
Twigbranch
42%
Willowshine
42%
Windstar
42%
Berryheart
38%
Blackclaw
38%
Boulder
38%
Clover
38%
Cloverfoot
38%
Eaglewing
38%
Echosong
38%
Fallen Leaves
38%
Frostpaw
38%
Graypaw (RC)
38%
Graypaw (TC)
38%
Gray Wing
38%
Halftail
38%
Hazeltail
38%
Hollytuft
38%
Honeyfur
38%
Jay's Wing
38%
Juniperkit
38%
Larchkit (MV)
38%
Larchkit (TNP)
38%
Morningflower
38%
Mudfur
38%
Palebird
38%
Patch Pelt
38%
Patchpelt
38%
Quince
38%
Rock
38%
Rock Beneath Still Water
38%
Root
38%
Rootspring
38%
Rosetail
38%
Ruby
38%
Runningwind
38%
Sasha
38%
Sharpclaw
38%
Shellfur
38%
Shrewpaw
38%
Smallear
38%
Sorrelstripe
38%
Speckle
38%
Squirrelstar
38%
Teller of the Pointed Stones (OotS)
38%
Teller of the Pointed Stones (TNP)
38%
Whiteclaw
38%
Wing Shadow Over Water
38%
Beetle
33%
Billystorm
33%
Birchface
33%
Bird That Rides the Wind
33%
Branch (Lo)
33%
Branch (Ro)
33%
Cherryfall
33%
Cherrytail
33%
Clawface
33%
Dappletail
33%
Duskfur
33%
Egg
33%
Fernsong
33%
Flipclaw
33%
Frog
33%
Gorsepaw
33%
Gorsestar
33%
Grass
33%
HHailstar
33%
Heatherstar
33%
Hollykit
33%
Jake
33%
Leafshade
33%
Lightleap
33%
Lightning
33%
Lightning Tail
33%
Lion's Roar
33%
MMacgyver
33%
Minnowtail
33%
Moon Shadow
33%
Nightheart (Ro)
33%
Nightheart (TC)
33%
Oakstar
33%
Petal (DotC)
33%
Petal (TR)
33%
Plumstone
33%
Poppydawn
33%
Pounce
33%
Pouncestep
33%
Primrosepaw
33%
Puddleshine
33%
Purdy
33%
Rainflower
33%
Rainfur (SkC)
33%
Rainfur (TC)
33%
Ravenwing
33%
Reedwhisker
33%
Sandgorse
33%
Seedpaw
33%
Smoky
33%
Snake
33%
Sparrow (RH)
33%
Sparrow (SH)
33%
Sparrow (TR)
33%
Spotfur
33%
Stormtail
33%
White Tail
33%
Whitetail (TPB)
33%
Whitetail (TUG)
33%
Willowbreeze
33%
AAcorn Fur
29%
Acorntail
29%
Antfur
29%
Appleshine
29%
Bayshine
29%
Beech
29%
Blazefire
29%
Cedarstar
29%
Cloud Spots
29%
Crystal
29%
Dawnflower
29%
Dew
29%
Doestar
29%
Elderkit
29%
Ember
29%
Finchlight
29%
Fuzzypelt
29%
Grassheart
29%
Hawkwing
29%
Ivytail (RC)
29%
Ivytail (ShC)
29%
Kinkfur
29%
Lark
29%
Lark That Sings at Dawn
29%
Leopardfoot
29%
Lily (FQ)
29%
Lily (GV)
29%
Lilyheart
29%
Marigold (GV)
29%
Marigold (TS)
29%
Mole
29%
Myrtlebloom
29%
Nutmeg (Lo)
29%
Nutmeg (OC)
29%
Nutmeg (Ro)
29%
Nutmeg (TPB)
29%
Owlnose
29%
Patchkit
29%
Quiet Rain
29%
Rook
29%
Rowanberry
29%
Smokefoot
29%
Smokepaw
29%
Snowbird
29%
Snowtuft
29%
Socks
29%
Speckletail
29%
Splash
29%
Splashtail
29%
Splash When Fish Leaps
29%
Star Flower
29%
Stemleaf
29%
Swiftbreeze
29%
Talon of Swooping Eagle
29%
Tawnyspots
29%
Thriftear
29%
Toadstep
29%
Turtle Tail
29%
Whitethroat
29%
YYarrowleaf
29%
Acornpaw
25%
Amberleaf
25%
Arc
25%
Beechfur (RC)
25%
Beechfur (TC)
25%
Beenose
25%
Bella
25%
Bellaleaf
25%
Blizzardwing
25%
Brackenfoot
25%
Brightflower
25%
Brightsky
25%
Bright Stream
25%
Brindlestar
25%
Bristlepaw
25%
Cinnamontail
25%
Coal (FQ)
25%
Coal (TNP)
25%
Coriander (BS)
25%
Coriander (DK)
25%
Curlfeather
25%
Dandelionkit
25%
Dappled Pelt
25%
Darkstar (CotC)
25%
Darkstar (MV)
25%
Darkstar (SkC)
25%
Dawncloud
25%
Dewnose
25%
Dew Nose
25%
Dove's Wing
25%
Duskpaw
25%
Eggs
25%
Falling Feather
25%
Fang
25%
Featherpelt
25%
Featherstorm
25%
Finchflight
25%
Finleap
25%
Flamenose
25%
Flintfang
25%
Flowerstem
25%
Flurry
25%
Furze
25%
Fuzzball
25%
Gorsetail (PoT)
25%
Gorsetail (TNP)
25%
Graymist
25%
Harepounce
25%
Hollystar
25%
Hopekit
25%
Jagged Rock Where Heron Sits
25%
Jayclaw
25%
Larksong (AVoS)
25%
Larksong (BP)
25%
Leaftail
25%
Lizardstripe
25%
Lizardtail
25%
Marigoldkit
25%
Mintkit
25%
Mistpaw
25%
Molewhisker (RC)
25%
Molewhisker (TC)
25%
Mosspaw
25%
Moss Tail
25%
Nightfur
25%
Owlstar (CotC)
25%
Owlstar (DotC)
25%
Perchkit
25%
Petalkit (LiC)
25%
Petalkit (MV)
25%
Pikepaw (BotC)
25%
Pikepaw (MO)
25%
Piketooth
25%
Pinenose
25%
Rabbitfur
25%
Redwillow
25%
Reedfeather
25%
Rooktail
25%
Rowanclaw
25%
Scorchfur
25%
Sedgewhisker
25%
Shaded Moss
25%
Sleekwhisker
25%
Snaketail (FQ)
25%
Snaketail (PoT)
25%
Snow Tail
25%
Snowy
25%
Sparrowpelt
25%
Spiresight
25%
Stick
25%
Stonepelt
25%
Stream
25%
Swiftfoot
25%
Thrushpelt (TC)
25%
Thrushpelt (WC)
25%
Tinycloud
25%
Tom
25%
Tom-Tom
25%
Whiskernose
25%
Whistle
25%
Whistlepaw
25%
Woodsong
25%
Woollytail
25%
ZZack
25%
Adderpaw
21%
Algernon
21%
Amberclaw
21%
Apple Blossom
21%
Appledawn
21%
Applefur (TF)
21%
Applefur (TNP)
21%
Archeye
21%
Ashheart
21%
Aspenfall
21%
Aspentail
21%
Beech Tail
21%
Beetail
21%
Beetlenose
21%
Bigteeth
21%
Birchpaw
21%
Blossomkit
21%
Bouncefire
21%
Brackenpelt
21%
Brackenwing
21%
Brick
21%
Brindlewing
21%
Buster
21%
Cherrypaw
21%
Chestnut
21%
Chestnutkit
21%
Chirp
21%
Cora
21%
Creek
21%
Crowfrost
21%
Daisytail
21%
Drizzle
21%
Eaglekit
21%
Eaglestorm
21%
Echomist
21%
Emberfoot
21%
Emberkit (ES)
21%
Emberkit (SkC)
21%
Fallowfern
21%
Fallowtail
21%
Fernshade
21%
Fernstripe
21%
Fidgetflake
21%
Finchkit
21%
Flamepelt
21%
Flaxfoot
21%
Flick
21%
Flickerkit
21%
Floss
21%
Flowerpaw
21%
Flowerstar
21%
Flutter
21%
Fluttering Bird
21%
Fringewhisker
21%
Frogleap
21%
Furzepelt
21%
Gorseclaw (RC)
21%
Gorseclaw (TC)
21%
Gorseclaw (WC)
21%
Grasswhisker
21%
Greeneyes
21%
Gremlin
21%
Gullswoop
21%
Hareflight (FQ)
21%
Hareflight (TR)
21%
Harelight
21%
Hattie
21%
Henry
21%
Hollow
21%
Hollyflower
21%
Hoot
21%
Jagged Peak
21%
Juniperclaw
21%
Lynxkit
21%
Maggottail
21%
Mallownose
21%
Maplestar
21%
Micah
21%
Milkfur (MV)
21%
Milkfur (WC)
21%
Milkfur (YS)
21%
Minnowkit (CotC)
21%
Minnowkit (CP)
21%
Mintfur (RC)
21%
Mintfur (SkC)
21%
Molepaw
21%
Monkeystar
21%
Moonlight
21%
Nettle (Ro)
21%
Nettle (SkC)
21%
Olive
21%
Owlfur
21%
Pebble That Rolls Down Mountain
21%
Pinefur
21%
Ratscar
21%
Reedshine (CotC)
21%
Reedshine (MV)
21%
Rippletail
21%
Rosepetal
21%
SSage
21%
Sagewhisker
21%
Scorchwind
21%
Shellheart
21%
Shimmerpelt (CP)
21%
Shimmerpelt (DS)
21%
Shine
21%
Silverflame
21%
Skywatcher
21%
Snaketooth (RC)
21%
Snaketooth (ShC)
21%
Snowbush
21%
Sorrelshine
21%
Sparrowtail
21%
Spireclaw
21%
Squirrelwhisker
21%
Stagleap (TC)
21%
Stagleap (WC)
21%
Stoat
21%
Stonewing
21%
Stormcloud
21%
Sunbeam
21%
Sunpelt (LiC)
21%
Sunpelt (SkC)
21%
Sweetbriar
21%
Swiftstar (LeC)
21%
Swiftstar (WC)
21%
Tawnyfur
21%
Tempest
21%
WWafflepaw
21%
Whiskers
21%
Whorlpelt
21%
Windflight
21%
Wishkit
21%
Adderkit
17%
Ajax
17%
Applefrost
17%
BBacon
17%
Beechpaw
17%
Beechstar
17%
Beetlepaw
17%
Beetlewhisker
17%
Bess
17%
Betsy
17%
Birchstar (RC)
17%
Birchstar (SkC)
17%
Birchstar (WC)
17%
Birdsong
17%
Birdwing
17%
Black Ear
17%
Blizzardstar
17%
Bloomheart
17%
Blossomheart
17%
Brownpaw
17%
Bug
17%
Bugeater
17%
Buttercup
17%
Buzzardkit
17%
Buzzardstar
17%
CCarpkit
17%
Cedarheart
17%
Cedarpelt
17%
Chasing Clouds
17%
Cheddar
17%
Cherryfeather
17%
Chester
17%
Cinders
17%
Cloudberry (RC)
17%
Cloudberry (TC)
17%
Cloudpelt
17%
Cloudrunner
17%
Cloudy
17%
Cloudy Sun
17%
Cloversplash
17%
Clovertail
17%
Coco (DK)
17%
Coco (PK)
17%
Conefoot
17%
Creekfeather
17%
Cricket
17%
Cricketkit
17%
Crouchfoot
17%
DDaffodil
17%
Dawnstripe
17%
Deerfoot
17%
Dewspring
17%
Dragonfly
17%
Duckpaw
17%
Duke
17%
Duskkit
17%
Dusk Nose
17%
Duskwater
17%
EEagle Feather
17%
Ebonyclaw
17%
Echosnout
17%
Eeltail (CotC)
17%
Eeltail (MV)
17%
Emberdawn (LH)
17%
Emberdawn (TBC)
17%
Emberstar
17%
FFalcon Swoop
17%
Falling Dusk
17%
Falling Rain
17%
Fallowkit
17%
Fallowstar
17%
Fawnstep
17%
Feather Ear
17%
Featherkit
17%
Featherstar
17%
Featherwing
17%
Fennelstar
17%
Fernleaf
17%
Fern Leaf
17%
Fernpelt
17%
Ferretclaw
17%
Ferris
17%
Filou
17%
Finchstar
17%
Flight of Startled Heron
17%
Flora
17%
Flutterfoot
17%
Flystar
17%
Foxy
17%
Frisk
17%
Frogtail
17%
Frostclaw
17%
Frosty
17%
GGalekit
17%
Gorsefoot
17%
Gravelnose
17%
Greenflower
17%
Growler
17%
Harrybrook
17%
Hawkfur
17%
Hawkstar
17%
Hickorynose
17%
Hollowspring
17%
Hollypelt
17%
Hopwhisker
17%
Icicle
17%
Jackdaw's Cry
17%
Jacques
17%
Jessy
17%
Jumper
17%
Kestrelwing
17%
Leafshine
17%
Leafstorm
17%
Lichenfur
17%
Lightning Stripe
17%
Lilystem
17%
Littlebird
17%
Lizardfang
17%
Meadowslip
17%
Mistkit
17%
Mocha
17%
Mouse Ear
17%
Needleclaw
17%
Nightwing
17%
Nutwhisker
17%
Oatclaw
17%
Oliver
17%
Owlclaw
17%
Owl Feather
17%
Owlwhisker
17%
Palefoot
17%
Patchfoot
17%
Peanut
17%
Pebble Heart
17%
Pebbleshine
17%
Perchpaw
17%
Petaldust
17%
Petalfur
17%
Petalnose
17%
Pink Eyes
17%
Plumclaw
17%
Pod
17%
Podlight
17%
Poolcloud
17%
Pouncetail (RC)
17%
Pouncetail (ShC)
17%
Quick Water
17%
RRabbitear
17%
Rabbittail
17%
Redclaw
17%
Red Claw
17%
Redstar
17%
Rileypool
17%
Ripplestar
17%
Roach
17%
Robinstar
17%
Rockshade
17%
Rowanfur
17%
Rowankit
17%
Rubblekit
17%
Rust
17%
Shredtail
17%
Shrewclaw
17%
Shyheart
17%
Skyheart
17%
Slate
17%
Smokehaze
17%
Softwing
17%
Specklepaw
17%
Stempaw
17%
Stoatfur (ShC)
17%
Stoatfur (SkC)
17%
Stonestream
17%
Stonetooth
17%
Stumpytail
17%
Sunfish
17%
Sunshine
17%
Swallow
17%
Swallowtail (RC)
17%
Swallowtail (WC)
17%
Tallpoppy
17%
Tangle
17%
Thistleheart
17%
Timberfur
17%
Tornear
17%
Troutclaw
17%
VVelvet (AVoS)
17%
Velvet (SD)
17%
Voleclaw
17%
Voletooth
17%
Wasp
17%
Weedwhisker
17%
Whitewater
17%
Willowclaw
17%
Willowkit
17%
Willownose
17%
Wolfstep
17%
Yew
17%
Arc Shadow
13%
Bailey
13%
Batear
13%
Beepaw
13%
Benny
13%
Birchbark
13%
Birdflight
13%
Birdy
13%
Blade
13%
Bluebellkit
13%
Blue Whisker
13%
Bob
13%
Boulderfur
13%
Brackenheart
13%
Brandy
13%
Breezeheart
13%
Brindleclaw
13%
Bristlebark
13%
Broken Feather
13%
Broken Shadow
13%
Brushpaw
13%
Burr
13%
Casper
13%
Chalk
13%
Chiveclaw
13%
Clawwhistle
13%
Cleo
13%
Cloudmist
13%
Cody
13%
Cow
13%
Crest of Snowy Mountain
13%
Crowtail
13%
Daisyheart
13%
Dangling Leaf
13%
Dapplenose
13%
Dappletuft
13%
Darkflower
13%
Darkfoot
13%
Dark Whiskers
13%
Dart
13%
Dash
13%
Dawnbright
13%
Dawnfeather
13%
Dawn Mist
13%
Dawn River
13%
Deerdapple
13%
Deerleap
13%
Dewspots
13%
Dewstar
13%
Diesel
13%
Domino
13%
Downkit
13%
Drizzlepaw
13%
Duckkit
13%
Dudley
13%
Dusk Smoke
13%
Dust Muzzle
13%
Duststar
13%
Fallensnow
13%
Fallowpaw
13%
Fallowsong
13%
Fierce
13%
Fircone
13%
Fireface
13%
Firefern
13%
Flailfoot
13%
Flashnose
13%
Fleck
13%
Floatkit
13%
Flower Foot
13%
Flower Stream
13%
Floyd
13%
Flytail
13%
Foxclaw
13%
Foxnose
13%
Foxwhisker
13%
Fritz (KP)
13%
Fritz (Lo)
13%
Furled Bracken
13%
Fury
13%
Gooseberry
13%
Grasskit
13%
Grasspelt
13%
Grub
13%
Harvey
13%
Hatchkit
13%
Hawkfoot
13%
Hawksnow
13%
Hawk Swoop
13%
Hayberry
13%
Hazel Burrow
13%
Hazelwing
13%
Heavystep
13%
Heronwing (RC)
13%
Heronwing (TC)
13%
Hillkit
13%
Hollowbelly
13%
Hollowflight
13%
Hollow Tree
13%
Honeyleaf
13%
Honey Pelt
13%
Honeytail
13%
Hootwhisker
13%
Houndleap
13%
Houndstar
13%
Husker
13%
Hussar
13%
Hutch
13%
Icewhisker
13%
Ivystar
13%
Jagged Lightning
13%
Jasper
13%
Jay Frost
13%
Jessamy
13%
Jester
13%
Jet
13%
Jingo
13%
Kinktail
13%
Kitescratch
13%
LLakeheart
13%
Larksplash
13%
Larkwing (FQ)
13%
Larkwing (OotS)
13%
Lightningpaw
13%
Lightningpelt
13%
Lilywhisker
13%
Lionstar
13%
Littlekit
13%
Little Mew
13%
Littlestep
13%
Livy
13%
Logfur
13%
Loudbelly
13%
Lowbranch
13%
Luna
13%
Magda
13%
Magpie
13%
Marshcloud
13%
Marshkit
13%
Max (AVoS)
13%
Max (HJ)
13%
Merry
13%
Midge
13%
Minty (KP)
13%
Minty (Ro)
13%
Mistfeather
13%
Mistlekit (SkC)
13%
Mistlekit (TC)
13%
Mistmouse
13%
Mittens
13%
Molepelt
13%
Molly
13%
Morningkit
13%
Mossyfoot
13%
Mothpelt
13%
Mousewing
13%
Mumblefoot
13%
Nettlespot
13%
Newtspeck
13%
Nightkit
13%
Nightsky
13%
Oakleaf
13%
Oakstep
13%
Oatkit
13%
Oatpaw
13%
Oatspeckle
13%
Oatwhisker (TC)
13%
Oatwhisker (WC)
13%
Oddfoot
13%
Otterheart
13%
Ottersplash
13%
Owl Song
13%
PPad
13%
Pale Sky
13%
Palesky
13%
Pearnose
13%
Pebblefoot
13%
Pebblefur
13%
Perchwing
13%
Petalfall
13%
Pickle
13%
Pigeonflight
13%
Pineclaw
13%
Pine Needle
13%
Plumwillow
13%
Poppycloud
13%
Pricklekit (RC)
13%
Pricklekit (WC)
13%
Quickpaw
13%
Quietkit
13%
Rabbitleap (SkC)
13%
Rabbitleap (TC)
13%
Rabbitstar
13%
Raincloud
13%
Rainstorm
13%
Rainswept Flower
13%
Rapidkit
13%
Reedclaw
13%
Rippleclaw
13%
Rising Moon
13%
Rockfall
13%
Rubblepaw
13%
Running Horse
13%
Runningkit
13%
Rushpaw
13%
Rushtail (RC)
13%
Rushtail (WC)
13%
Rushtooth
13%
Scarlet
13%
Scrap
13%
Scraps
13%
Sedgestar
13%
Seedpelt (FQ)
13%
Seedpelt (GC)
13%
Seedpelt (MV)
13%
Seville
13%
Shattered Ice
13%
Shiningheart
13%
Shorty
13%
Shrewtooth
13%
Silverhawk
13%
Silvermask
13%
Skipper
13%
Slatefur
13%
Slightfoot
13%
Snow Hare
13%
Softpelt
13%
Sparrowfeather (DF)
13%
Sparrowfeather (RC)
13%
Splashheart
13%
Splashkit
13%
Spotted Fur
13%
Squirrelfur
13%
Starlingfeather
13%
Stoneclaw
13%
Stormheart
13%
Streak
13%
Sunflower
13%
Sun Shadow
13%
Sunstrike
13%
Susan
13%
Swankit
13%
Swiftflight
13%
Swift Minnow
13%
Talonstar
13%
Tangleburr
13%
Tansy
13%
Tansypaw
13%
Thistlepaw (CotC)
13%
Thistlepaw (TNP)
13%
Thistletail
13%
Thorntooth
13%
Thrushtalon
13%
Thrushwing
13%
Tiny Branch
13%
Toadfoot
13%
Toadskip
13%
Tommy
13%
Troutkit
13%
Tuna
13%
Turtlecrawl
13%
Turtlekit
13%
Twist
13%
Twisted Branch
13%
Vinestar
13%
Volewhisper
13%
Weaselfur
13%
Weaselkit
13%
Webfoot
13%
Wee Hen
13%
Wetfoot
13%
Whiteberry
13%
Whitestar
13%
Wolfkit
13%
Wrenflight (SkC)
13%
Wrenflight (WC)
13%
Yellowstar
13%
Yew Tail
13%
Zelda
13%
Ziggy
13%
Blackbee
8%
Bloomkit
8%
Boots
8%
Branchkit
8%
Braveheart
8%
Brightspirit
8%
Brightwhisker
8%
Brookkit
8%
Bubbling Stream
8%
Cobweb
8%
Copperpaw
8%
Croak
8%
Crowfur
8%
Crow Muzzle
8%
Curlypaw
8%
Cypresspaw
8%
Dancing Leaf
8%
Dawnstar
8%
Deerpaw
8%
Dewkit
8%
Dew Petal
8%
Dewy Leaf
8%
Dodge
8%
Doespring
8%
Dotty
8%
Dovestar (RC)
8%
Dovestar (WC)
8%
Driftkit
8%
Finch Song
8%
Firefly
8%
Firkit
8%
Fish Leap
8%
Fleetfoot
8%
Fog
8%
Foggy (KP)
8%
Foggy (Ro)
8%
Fognose
8%
Frondwhisker
8%
Goldenstar
8%
Harley
8%
Havenpelt
8%
Hazelstar
8%
Hopper
8%
Hunter
8%
Jaggedtooth
8%
Jigsaw
8%
Jumpfoot
8%
Juniper Branch
8%
Kite Wing
8%
Lakeshine
8%
Lakestorm
8%
Lapping Wave
8%
Lavenderkit
8%
Leafkit
8%
Lilyflower
8%
Lilyfur
8%
Lilystar
8%
Lioneye
8%
Loki
8%
Lulu
8%
Madric
8%
Mae
8%
Mallowfur
8%
Mallowtail
8%
Marlow
8%
Marmalade
8%
Marshpaw
8%
Marshscar
8%
Meadowpelt
8%
Melody
8%
Melting Ice
8%
Midgepelt
8%
Milkweed
8%
Milo
8%
Mintpaw
8%
Misha
8%
Mistcloud
8%
Mistpelt
8%
Misty Water
8%
Mitzi (KP)
8%
Mitzi (Lo)
8%
Morningcloud
8%
Morning Fire
8%
Morningmist
8%
Morningstar
8%
Morning Star
8%
Morning Whisker
8%
Mossfire
8%
Mossheart (ShC)
8%
Mossheart (TC)
8%
Mossleaf
8%
Mothwhisker
8%
Mottlepaw
8%
Mousefang
8%
Mud Paws
8%
Mudpuddle
8%
Mudthorn
8%
Myler
8%
NNami
8%
Nectarsong
8%
Nettlebreeze
8%
Nettleclaw
8%
Nettlepad
8%
Nettlepaw
8%
Nettlesplash
8%
Nightmask
8%
Nightwhisper
8%
O'Hara
8%
Olivenose
8%
Onion
8%
Oscar
8%
Pancakes
8%
Parsleyseed
8%
Parsnip
8%
Pasha
8%
Peg
8%
Pepper
8%
Percy
8%
Petunia
8%
Pigeonfoot
8%
Piper
8%
Pipsqueak
8%
Pixie
8%
Polly
8%
Prickleface
8%
Pricklenose
8%
Pumpkin
8%
QQuailfeather (AVoS)
8%
Quailfeather (CotC)
8%
Quailheart
8%
Quailkit
8%
Raindrop
8%
Rainfall
8%
Rainleap
8%
Rainsplash
8%
Rascal
8%
Ravenstar
8%
Redscar
8%
Redthistle
8%
Reedstar
8%
Reedtail
8%
Reena (KP)
8%
Reena (Ro)
8%
Ridgekit
8%
Riga
8%
Ripple Shine
8%
Robinkit
8%
Rocky
8%
Rumble
8%
Runningbrook
8%
Running Fox
8%
Rustlepaw
8%
Ryestalk
8%
Ryewhisker
8%
Sagenose
8%
Sandynose
8%
Scooby
8%
Scout
8%
Scowl
8%
Scree
8%
Scree Beneath Winter Sky
8%
Screech of Angry Owl
8%
Scruff
8%
Sedgecreek
8%
Shade Pelt
8%
Shadepelt (AVoS)
8%
Shadepelt (TPB)
8%
Shadestar
8%
Shadows That Slant at Dusk
8%
Shanty
8%
Sharp Hail
8%
Sheeptail
8%
Sheer Path Beside Waterfall
8%
Shell Claw
8%
Shinecloud
8%
Shivering Rose
8%
Shnuky
8%
Shrewfoot
8%
Shy Fawn
8%
Silt
8%
Silver Frost
8%
Silverpaw (BotC)
8%
Silverpaw (TPB)
8%
Silver Stripe
8%
Slash
8%
Slatepelt
8%
Sleek Fur
8%
Sloefur (RC)
8%
Sloefur (ShC)
8%
Smallkit
8%
Smoketalon
8%
Snail (Lo)
8%
Snailpaw
8%
Snail (Ro)
8%
Snail Shell
8%
Snapper
8%
Sneezecloud
8%
Sniff
8%
Snipe
8%
Snipkit
8%
Snooky
8%
Snowdrop
8%
Snowflake (KP)
8%
Snowflake (Ro)
8%
Snowstar
8%
Songbird
8%
Songleap
8%
Sparrowstar
8%
Spiderfoot
8%
Spider Paw
8%
Spiderpelt
8%
Spiderstar
8%
Spikefur
8%
Spiketail
8%
Splashfoot
8%
Splashnose
8%
Splashpaw
8%
Splinter
8%
Spottedpaw
8%
Spottedpelt
8%
Starlingwing
8%
Stone Song (DotC)
8%
Stone Song (PoT)
8%
Stonestar
8%
Storkkit
8%
Storm Pelt
8%
Streamkit
8%
Strikestone
8%
Stripekit
8%
Stripes
8%
Strong Pounce
8%
Sunny
8%
Sunnypelt
8%
Sunnytail
8%
Sunrise
8%
Sunspots
8%
Suzy
8%
Swallowflight
8%
Swampkit
8%
Swoop of Chestnut Hawk
8%
Talonpaw
8%
Tanglepaw
8%
Tanglewhisker
8%
Taylor
8%
Tess
8%
Tiger Tail
8%
Trout Fur
8%
Troutstar
8%
Troutstream
8%
Tulipkit
8%
Tumblekit
8%
Twigtail
8%
Tyr
8%
Victor
8%
Vinetail
8%
Violet Dawn
8%
Vixenleap
8%
Volestar
8%
Wasptail
8%
Waspwhisker
8%
Waterkit
8%
Wavepaw
8%
Weaselwhisker
8%
Webkit
8%
Webster
8%
Weevil
8%
Whisper
8%
Whispering Breeze
8%
Whisperkit
8%
Whitefang
8%
Wildfur
8%
Wildkit
8%
Willie
8%
Willowstar
8%
Willow Stream
8%
Willow Tail
8%
Woodkit
8%
Woodlouse
8%
Woody
8%
Cranberrypaw
4%
Dragonflykit
4%
Fenneldust
4%
Skunkpaw
4%
Wanderkit
4%

Score Distribution

Percentile by Number Answered

Percent of People with Each Score

Your Score History

You have not taken this quiz